00531nam a22001697a 450000500170000001000150001702000260003203500140005803700130007208200180008510000210010324500760012426000430020027000540024330000240029750000400032120150922123530.0 aENG-113719 a9788170546474c340.00 aEN- 97251 bDBAD/PUB a341.480712542 aYadav, Lal Dhari aDevelopment of human rights in secondary students /cby Lal Dhari Yadav aNew DelhibClassical Publishing c2013 a28, Shopping Centre, KarampurabNew Delhie110015 axii,206p.c22cm(Hb) aIncludes bibliographical references